000 00585nam a2200193 i 4500
001 37940
003 ES-MaACL
007 t|
008 030224s1928 sp ||||1| spa d
100 1 _aBurgos Lecea, Francisco,
_d1898-1951
_932666
_eaut
245 1 0 _a Xaiexi, delantero :
_bcuentos /
_cpor Francisco Burgos Lecea.
260 _aMadrid :
_bMundo Literario
_c1928
300 _a142 páginas ;
_c20 cm.
655 7 _2tgfbne
_9226829
_aCuentos
852 _aES-MaACL
_jB-4058
_cSPB
942 _2udc
_cMONOGRAFIA
_n0
999 _c37940
_d37940